| 000 | 00396cam a22001337a 4500 | ||
|---|---|---|---|
| 008 | 180718b1977 xxu||||| |||| 00| 0 eng d | ||
| 082 | _aB H859 | ||
| 100 | _aHsueh, S.S. | ||
| 245 |
_aSocial sciences and national development: the southeast Asian experience _cedited by S.S. Hsueh |
||
| 260 |
_aNew Delhi _bAbhinav _c1977 |
||
| 300 | _a138p. | ||
| 650 | _aSocial change | ||
| 650 | _aSocial sciences | ||
| 999 |
_c346628 _d346628 |
||